| 000 | 01409cam a22003857a 4500 | ||
|---|---|---|---|
| 003 | CHAP | ||
| 005 | 20220329140212.0 | ||
| 008 | 971013s1987 it r 00010 eng d | ||
| 010 | _a48506 | ||
| 011 | _a49478 | ||
| 035 | _a53627 | ||
| 040 | _cCHAP | ||
| 082 | 1 | 0 |
_a639.2 _bF46 v.372 |
| 110 | 2 |
_aFAO. Comisión de Pesca para Océano Indico _939480 |
|
| 245 | 1 | 0 | _aReport of the session of the Committee for the Development and Management of the fishery Resources of the gulfs, (6o) |
| 260 |
_aRome : _bFAO, _c1987 |
||
| 300 | _a170 p. | ||
| 490 | 0 |
_aFAO. Informe de pesca _v; 372 |
|
| 500 | _aEdición bilingüe (inglés, francés) | ||
| 590 |
_aBATCH-UPD _b10 _c20130110 _lUCH01 _h1043 |
||
| 590 |
_aBATCH-UPD _b10 _c20130410 _lUCH01 _h0642 |
||
| 590 |
_aBATCH-UPD _b10 _c20130914 _lUCH01 _h0426 |
||
| 590 |
_aBATCH-UPD _b10 _c20130914 _lUCH01 _h2125 |
||
| 590 |
_aCONVERSION _b10 _c20130109 _lUCH01 _h1326 |
||
| 650 | 1 | 4 |
_aAtún. _98265 |
| 650 | 1 | 4 |
_aCamarón. _917762 |
| 650 | 1 | 4 |
_aRecursos marinos _xRegión del Oceáno Indico. _995162 |
| 830 | 0 |
_aFAO. Informe de pesca _v; 372 _939587 |
|
| 901 | _aBK | ||
| 905 | _aPatricia Mendoza P. | ||
| 942 | _cLIBRO | ||
| 949 |
_a639.2 F46 v.372 _bBC _cFAO _d33724000769634 _eFAO2 _fc.3 _h76201 _i53627 _sb |
||
| 949 |
_a639.2 F46 v.372 _bBC _cFAO _d33724000769659 _eFAO1 _h74510 _i53627 _sb |
||
| 949 |
_a639.2 F46 v.372 _bBC _cFAO _d33724000769667 _eFAO2 _fc.2 _h74511 _i53627 _sb |
||
| 999 |
_c48506 _d48506 |
||